00000000nam##2200000za#4500
0019.648760
003CaOODSP
00520210615113306
007ta
008150407|2003||||xxc|||||     f|0| 0 eng|d
020 |a0-662-33474-4
040 |aCaOODSP|beng
043 |an-cn---
0861 |aF1-23/2003-1E
1101 |aCanada. |bDepartment of Finance.
24514|aThe Budget speech 2003 / |cThe Honourable John Manley, P.C., M.P., Deputy Prime Minister and Minister of Finance.
2463 |aBuilding the Canada we want
260 |aOttawa - Ontario : |bFinance Canada |c2003.
300 |a18p. ; |c24 cm.
5203 |aThis booklet contains the text of the Minister of Finance’s speech to Parliament on the 2003 federal budget. The speech discusses Canada’s recent economic performance and fiscal projections, and describes the budget’s major investments—in health care; families and communities; innovation and learning; improving the tax system; the environment; cities and communities; international assistance; and the military. Commitments to make government more accountable and transparent are also outlined.
563 |aSoftcover
590 |a03-07|b2003-02-14
69007|aBudgets|2gcpds
77508|tLe discours du budget 2003 / |w(CaOODSP)9.682021